000 01727nam a2200481Ia 4500
003 OSt
005 20241223102413.0
006 m d
007 cr cnu||||||||
008 140912s2014 pau d eng d
020 _a9789390612024
020 _a1609139712
035 _a(OCoLC)101633736
040 _cDLC
049 _aYYEA
_aVZYM
080 _a616.89
_bK-20
096 _aWM 140 S126K 2015
100 1 _aSadock, Benjamin J.,
_d1933-
245 1 0 _aKaplan & Sadock's synopsis of psychiatry
_bbehavioral sciences/clinical psychiatry.
246 3 _aKaplan and Sadock's synopsis of psychiatry.
246 3 _aSynopsis of psychiatry.
250 _a12th ed. /
_bBenjamin James Sadock, Virginia Alcott Sadock, Pedro Ruiz.
260 _aPhiladelphia :
_bWolters Kluwer,
_c2022
300 _axiv, 1181 p. :
_b ill. ; (pictures) ;
_c 27 cm.
500 _aEINSTEIN & MMC: available online via STAT!Ref. See Reference staff for assistance.
500 _aEINSTEIN: also available in print.
500 _aEINSTEIN: also available online via Books@Ovid. See Reference staff for assistance.
538 _aMode of access: World Wide Web.
590 _ac.1 1006865x Ritt 10/1/14 $119.99.
590 _ae-book Ovid 6/25/2015.
650 2 _aMental Disorders.
650 0 _aPsychiatry
_9131
650 0 _aMedicine
_969
653 _aფსიქიატრია
653 _aმედიცინა
653 _aნენტალური დარღვევები
700 1 _aSadock, Virginia A.
700 1 _aRuiz, Pedro,
_d1936-
710 2 _aOvid (Online Service)
710 2 _aSTAT!Ref (Online service)
710 2 _aTeton Data Systems (Firm)
942 _2udc
_cBK
_e12
999 _c2260
_d2260